Hố lượng tử - vật lý và điện tử học của các hệ hai chiều

محفوظ في:
التفاصيل البيبلوغرافية
المؤلف الرئيسي: A YA SHIK
التنسيق: كتاب
اللغة:Undetermined
منشور في: H. KHKT 2002
الموضوعات:
الوسوم: إضافة وسم
لا توجد وسوم, كن أول من يضع وسما على هذه التسجيلة!
Thư viện lưu trữ: Trung tâm Học liệu Trường Đại học Cần Thơ
LEADER 00515nam a2200169Ia 4500
001 CTU_50180
008 210402s9999 xx 000 0 und d
082 |a 537 
082 |b S556 
100 |a A YA SHIK 
245 0 |a Hố lượng tử - vật lý và điện tử học của các hệ hai chiều 
245 2 |c A YA SHIK, LÊ TUẤN 
260 |a H. 
260 |b KHKT 
260 |c 2002 
650 |a electricity and electronics 
980 |a Trung tâm Học liệu Trường Đại học Cần Thơ